CURRENT DIAGNOSIS AND TREATMENT PEDIATRICS (Record no. 31641)

MARC details
000 -LEADER
fixed length control field 00442nam a22001697a 4500
003 - CONTROL NUMBER IDENTIFIER
control field OSt
005 - DATE AND TIME OF LATEST TRANSACTION
control field 20220224152726.0
008 - FIXED-LENGTH DATA ELEMENTS--GENERAL INFORMATION
fixed length control field 220224b |||||||| |||| 00| 0 eng d
020 ## - INTERNATIONAL STANDARD BOOK NUMBER
International Standard Book Number 978-0-07-164003-9
040 ## - CATALOGING SOURCE
Original cataloging agency DDC
Transcribing agency HU
082 ## - DEWEY DECIMAL CLASSIFICATION NUMBER
Edition number 19TH
Classification number 618.92
Item number 8
100 ## - MAIN ENTRY--PERSONAL NAME
Personal name WILLIAM W.HAY
9 (RLIN) 31359
245 ## - TITLE STATEMENT
Title CURRENT DIAGNOSIS AND TREATMENT PEDIATRICS
250 ## - EDITION STATEMENT
Edition statement 19TH
260 ## - PUBLICATION, DISTRIBUTION, ETC.
Place of publication, distribution, etc. NEW YORK
Name of publisher, distributor, etc. MCGRAW HILL MEDICAL
Date of publication, distribution, etc. 2009
942 ## - ADDED ENTRY ELEMENTS (KOHA)
Source of classification or shelving scheme Dewey Decimal Classification
Koha item type Books like text book referance book
Suppress in OPAC No
Holdings
Withdrawn status Lost status Source of classification or shelving scheme Damaged status Not for loan Home library Current library Date acquired Total Checkouts Full call number Barcode Date last seen Copy number Price effective from Koha item type
    Dewey Decimal Classification     College of Medicine and Health’s Sciences Library College of Medicine and Health’s Sciences Library 02/24/2022   618.92-H3-2009 CMHSL00010789 02/24/2022 1 02/24/2022 Books like text book referance book
    Dewey Decimal Classification     College of Medicine and Health’s Sciences Library College of Medicine and Health’s Sciences Library 02/24/2022   618.92-H3-2009 CMHSL00010790 02/24/2022 2 02/24/2022 Books like text book referance book
    Dewey Decimal Classification     College of Medicine and Health’s Sciences Library College of Medicine and Health’s Sciences Library 02/24/2022   618.92-H3-2009 CMHSL00010791 02/24/2022 3 02/24/2022 Books like text book referance book
    Dewey Decimal Classification     College of Medicine and Health’s Sciences Library College of Medicine and Health’s Sciences Library 02/24/2022   618.92-H3-2009 CMHSL00010792 02/24/2022 4 02/24/2022 Books like text book referance book
    Dewey Decimal Classification     College of Medicine and Health’s Sciences Library College of Medicine and Health’s Sciences Library 02/24/2022   618.92-H3-2009 CMHSL00010793 02/24/2022 5 02/24/2022 Books like text book referance book
    Dewey Decimal Classification     College of Medicine and Health’s Sciences Library College of Medicine and Health’s Sciences Library 02/24/2022   618.92-H3-2009 CMHSL00010794 02/24/2022 6 02/24/2022 Books like text book referance book
    Dewey Decimal Classification     College of Medicine and Health’s Sciences Library College of Medicine and Health’s Sciences Library 02/24/2022   618.92-H3-2009 CMHSL00010795 02/24/2022 7 02/24/2022 Books like text book referance book
    Dewey Decimal Classification     College of Medicine and Health’s Sciences Library College of Medicine and Health’s Sciences Library 02/24/2022   618.92-H3-2009 CMHSL00010796 02/24/2022 8 02/24/2022 Books like text book referance book